| 000 | 00521nam a2200181Ia 4500 | ||
|---|---|---|---|
| 008 | 151018s9999 xx 000 0 und d | ||
| 082 |
_bRBASDV25908 _a891.463 |
||
| 100 | _aअण्णाभाऊ साठे | ||
| 245 | _aवैर | ||
| 250 | _b5 | ||
| 260 |
_bसुरेश एजन्सी पुणे _c1993 |
||
| 300 | _a103 | ||
| 600 | _aअण्णाभाऊ साठे | ||
| 630 | _aवैर | ||
| 700 | _aअण्णाभाऊ साठे | ||
| 730 | _aवैर | ||
| 942 | _cBOOK | ||
| 999 |
_c1025518 _d1025515 |
||